[Event "19. Intern. Travemünder Schach-Open"]
[Site "?"]
[Date "2002.12.27"]
[Round "1"]
[White "Trippe, Fabian"]
[Black "Stimpel, Franz"]
[Result "0-1"]
[WhiteElo "1732"]
[BlackElo "2278"]
[PlyCount "60"]
[EventDate "2002.??.??"]

1. Nf3 Nf6 2. g3 g6 3. Bg2 Bg7 4. O-O O-O 5. d3 d5 6. Nbd2 Nc6 7. e4 e5 8. a4
a5 9. Re1 dxe4 10. Nxe4 Nxe4 11. dxe4 Bg4 12. h3 Qxd1 13. Rxd1 Bxf3 14. Bxf3
Nd4 15. Bg2 Nxc2 16. Rb1 Rfd8 17. Bd2 b6 18. Rbc1 Nd4 19. Bg5 f6 20. Rxd4 Rxd4
21. Be3 Rd7 22. Bf1 c5 23. Bc4+ Kf8 24. Bd5 Rad8 25. f4 Rxd5 26. exd5 Rxd5 27.
fxe5 fxe5 28. Kf2 Ke7 29. Kf3 Rd3 30. Ke4 Rxe3+ 0-1

[Event "19. Intern. Travemünder Schach-Open"]
[Site "?"]
[Date "2002.12.27"]
[Round "1"]
[White "GM Schmittdiel, Eckhard"]
[Black "Drewniak, Michael"]
[Result "1-0"]
[WhiteElo "2491"]
[BlackElo "1800"]
[PlyCount "61"]
[EventDate "2002.??.??"]

1. e4 c5 2. c3 e6 3. d4 a6 4. Nf3 d5 5. e5 Nc6 6. a3 f6 7. Bd3 fxe5 8. dxe5 g6
9. h4 Bg7 10. Bf4 c4 11. Bc2 Qb6 12. Ra2 Nge7 13. Qe2 O-O 14. g3 Nf5 15. Nbd2
Bh6 16. Bxh6 Nxh6 17. h5 Nf5 18. hxg6 hxg6 19. Qf1 Qc7 20. g4 Nfe7 21. Qh3 Kf7
22. Bxg6+ Nxg6 23. Qh7+ Ke8 24. Qxc7 Bd7 25. Rh7 Nce7 26. Nd4 Rc8 27. Qd6 b5
28. N2f3 Rf4 29. Nh4 Rxd4 30. Nxg6 Re4+ 31. Kf1 1-0

[Event "19. Intern. Travemünder Schach-Open"]
[Site "?"]
[Date "2002.12.27"]
[Round "1"]
[White "IM Richter, Michael"]
[Black "Jürgens, Achim"]
[Result "1-0"]
[WhiteElo "2396"]
[BlackElo "1744"]
[PlyCount "53"]
[EventDate "2002.??.??"]

1. d4 Nf6 2. Bg5 d5 3. e3 e6 4. Bd3 Be7 5. Nd2 Nbd7 6. c3 c5 7. f4 h6 8. Bxf6
Bxf6 9. Ngf3 Qb6 10. Qc2 c4 11. Be2 Qc7 12. O-O b5 13. Ne5 Nxe5 14. fxe5 Bg5
15. Bh5 O-O 16. Rae1 f5 17. exf6 Bxf6 18. e4 Bd7 19. e5 Bg5 20. Nf3 Qd8 21. Qg6
Qe7 22. Nxg5 hxg5 23. Bg4 Rxf1+ 24. Rxf1 Rf8 25. Rxf8+ Kxf8 26. Qh7 Qf7 27. Bh5
1-0

[Event "19. Intern. Travemünder Schach-Open"]
[Site "?"]
[Date "2002.12.27"]
[Round "1"]
[White "Haug, Siegmund"]
[Black "GM Muse, Mladen"]
[Result "0-1"]
[WhiteElo "1771"]
[BlackElo "2474"]
[PlyCount "48"]
[EventDate "2002.??.??"]

1. d4 Nf6 2. e3 g6 3. Bd3 Bg7 4. Nd2 c5 5. f4 cxd4 6. exd4 Qc7 7. Ne2 Nd5 8.
Nf3 Nb4 9. c3 Nxd3+ 10. Qxd3 d6 11. Be3 Nd7 12. O-O Nb6 13. Ng3 Qc4 14. Qc2 Nd5
15. Rae1 O-O 16. a3 f5 17. Bd2 b5 18. h4 a5 19. h5 Bf6 20. hxg6 hxg6 21. b3 Qc6
22. Rc1 a4 23. c4 axb3 24. cxd5 Qxc2 0-1

[Event "19. Intern. Travemünder Schach-Open"]
[Site "?"]
[Date "2002.12.27"]
[Round "1"]
[White "IM Heyken, Enno"]
[Black "Holzhaus, Jens"]
[Result "1-0"]
[WhiteElo "2307"]
[BlackElo "1740"]
[PlyCount "47"]
[EventDate "2002.??.??"]

1. d4 d5 2. Bg5 Nf6 3. Bxf6 exf6 4. e3 Be6 5. Ne2 Bd6 6. Nd2 c5 7. dxc5 Bxc5 8.
Nf4 O-O 9. c3 Re8 10. Be2 Nc6 11. O-O Bd6 12. Nf3 Bxf4 13. exf4 Qd6 14. Qd2
Rad8 15. Bb5 a6 16. Bxc6 bxc6 17. Rfe1 Re7 18. b4 Rde8 19. h3 c5 20. bxc5 Qxc5
21. Rad1 Rb8 22. f5 Bxf5 23. Rxe7 Qxe7 24. Qf4 1-0

[Event "19. Intern. Travemünder Schach-Open"]
[Site "?"]
[Date "2002.12.27"]
[Round "1"]
[White "Rader, Lothar"]
[Black "IM Bangiev, Alexander"]
[Result "0-1"]
[WhiteElo "1761"]
[BlackElo "2431"]
[PlyCount "50"]
[EventDate "2002.??.??"]

1. d4 g6 2. c4 Bg7 3. Nc3 c5 4. d5 Bxc3+ 5. bxc3 f5 6. Bf4 d6 7. e3 Qa5 8. Qb3
Nd7 9. Nf3 Ngf6 10. Bd3 Nb6 11. Nd2 Bd7 12. O-O Ba4 13. Qb2 Qa6 14. f3 Nfxd5
15. Bxd6 exd6 16. Bxf5 gxf5 17. cxd5 O-O-O 18. c4 Nxc4 19. Nxc4 Qxc4 20. Qa3 b5
21. Rfc1 Qxd5 22. Rc3 Rhg8 23. Rac1 Qxf3 24. Rxc5+ dxc5 25. Qxc5+ Kb8 0-1

[Event "19. Intern. Travemünder Schach-Open"]
[Site "?"]
[Date "2002.12.27"]
[Round "1"]
[White "FM Hermesmann, Hans"]
[Black "Herrmann, Jana"]
[Result "1-0"]
[WhiteElo "2287"]
[BlackElo "1734"]
[PlyCount "55"]
[EventDate "2002.??.??"]

1. d4 c5 2. d5 e5 3. e4 d6 4. Nc3 g6 5. f4 Bg7 6. fxe5 Bxe5 7. Nf3 Bxc3+ 8.
bxc3 Qe7 9. Bb5+ Bd7 10. Qe2 a6 11. Bd3 f6 12. h3 Bc8 13. O-O Nd7 14. c4 Rb8
15. Rb1 b6 16. a4 a5 17. Bd2 Qg7 18. Qf2 Nh6 19. Nh2 O-O 20. Qh4 g5 21. Qg3 Nf7
22. Ng4 Ba6 23. Ne3 Nfe5 24. Nf5 Qh8 25. Nxd6 Rfd8 26. Nf5 h6 27. h4 Nf7 28.
Ne7+ 1-0

[Event "19. Intern. Travemünder Schach-Open"]
[Site "?"]
[Date "2002.12.27"]
[Round "1"]
[White "Jess, Stefan"]
[Black "IM Voloshin, Leonid"]
[Result "0-1"]
[WhiteElo "1767"]
[BlackElo "2440"]
[PlyCount "59"]
[EventDate "2002.??.??"]

1. e4 c5 2. Nf3 e6 3. d4 cxd4 4. Nxd4 a6 5. Bd3 Bc5 6. Nb3 Ba7 7. c4 Nc6 8. Nc3
d6 9. f4 Nge7 10. Qf3 Ng6 11. Bd2 Bd7 12. Ne2 a5 13. Bc3 a4 14. Nbd4 Nxd4 15.
Nxd4 Bxd4 16. Bxd4 e5 17. fxe5 dxe5 18. O-O Qe7 19. Be3 O-O 20. Rab1 Be6 21. b4
axb3 22. axb3 Qb4 23. Qf2 Rfc8 24. Rfc1 Ra3 25. Bd2 Qd6 26. Qe3 Rd8 27. Rc3 Nf4
28. Bc1 Qb4 29. Bc2 Qxc3 30. Qxc3 0-1

[Event "19. Intern. Travemünder Schach-Open"]
[Site "?"]
[Date "2002.12.27"]
[Round "1"]
[White "GM Mainka, Romuald"]
[Black "Fortkamp, Eckhard"]
[Result "1-0"]
[WhiteElo "2411"]
[BlackElo "1750"]
[PlyCount "71"]
[EventDate "2002.??.??"]

1. e4 e5 2. Bc4 Nc6 3. Nf3 Bc5 4. d3 Nf6 5. Bb3 h6 6. c3 d6 7. Nbd2 O-O 8. O-O
a5 9. h3 Ba7 10. Re1 Re8 11. Nf1 Be6 12. Ba4 Bd7 13. Ng3 Ne7 14. Bc2 Ng6 15. d4
b5 16. Be3 c6 17. a4 bxa4 18. Bxa4 Qc7 19. Bc2 Rab8 20. b3 Rbd8 21. Qb1 Nh7 22.
Qa2 Bb6 23. Nf1 Nhf8 24. N1d2 d5 25. dxe5 Bxe3 26. Rxe3 Nxe5 27. Qxa5 Nxf3+ 28.
Nxf3 Qb7 29. Qa7 Qb5 30. exd5 Rxe3 31. Qxe3 cxd5 32. Nd4 Qb7 33. b4 Qc8 34. Qg3
Ne6 35. Nf5 Ng5 36. Ne7+ 1-0

[Event "19. Intern. Travemünder Schach-Open"]
[Site "?"]
[Date "2002.12.27"]
[Round "1"]
[White "Hölting, Siegfried"]
[Black "IM Seger, Rüdiger"]
[Result "0-1"]
[WhiteElo "1709"]
[BlackElo "2406"]
[PlyCount "80"]
[EventDate "2002.??.??"]

1. e4 c6 2. d4 d5 3. Nc3 dxe4 4. Nxe4 Bf5 5. Ng3 Bg6 6. Nf3 Nd7 7. Bd3 Ngf6 8.
O-O e6 9. Bg5 Be7 10. Re1 O-O 11. c3 Qb6 12. Rb1 Rfd8 13. Bxg6 hxg6 14. Qc1 c5
15. Ne5 cxd4 16. cxd4 Nf8 17. Nf3 Nd5 18. Ne4 Nh7 19. Bxe7 Nxe7 20. Nc5 Nc6 21.
Nb3 a5 22. Qc4 Rd5 23. Rbd1 a4 24. Nc5 Nxd4 25. Rxd4 Rxc5 26. Qe2 Rb5 27. Rd2
Nf6 28. Red1 Rd5 29. Ne5 Rad8 30. Rxd5 exd5 31. h3 Re8 32. Nd7 Rxe2 33. Nxb6
Rxb2 34. Nxa4 Rxa2 35. Nc3 Ra5 36. Rb1 d4 37. Nb5 d3 38. Nd6 Rd5 39. Nc4 Ne4
40. Ne3 Rd7 0-1

[Event "19. Intern. Travemünder Schach-Open"]
[Site "?"]
[Date "2002.12.27"]
[Round "1"]
[White "Blancke, Stefan"]
[Black "Schwertfeger, Wolfgang"]
[Result "1-0"]
[WhiteElo "2279"]
[BlackElo "1733"]
[PlyCount "59"]
[EventDate "2002.??.??"]

1. d4 Nf6 2. c4 g6 3. Nc3 Bg7 4. Nf3 O-O 5. g3 d5 6. cxd5 Nxd5 7. Bg2 f5 8. O-O
c6 9. Qd3 e6 10. Ne5 Nd7 11. Nxd7 Qxd7 12. Rd1 Qf7 13. Bf4 Nxf4 14. gxf4 Bh6
15. e3 Qf6 16. Na4 g5 17. fxg5 Qxg5 18. f4 Qg6 19. Kh1 Kh8 20. Rg1 Qe8 21. Rac1
Rf6 22. Nc5 Bf8 23. Bf3 Rh6 24. Rg2 Bxc5 25. Rxc5 Rh3 26. Qd1 Bd7 27. d5 e5 28.
d6 Rxf3 29. Qxf3 exf4 30. Qxf4 1-0

[Event "19. Intern. Travemünder Schach-Open"]
[Site "?"]
[Date "2002.12.27"]
[Round "1"]
[White "IM Tahirov, Farhad"]
[Black "Haack, Stefan"]
[Result "1-0"]
[WhiteElo "2452"]
[BlackElo "1768"]
[PlyCount "35"]
[EventDate "2002.??.??"]

1. d4 Nf6 2. Nf3 d5 3. c4 c6 4. Nc3 a6 5. c5 Bg4 6. Ne5 Bh5 7. Qb3 Qc8 8. Na4
Nfd7 9. Qh3 Bg6 10. Nxg6 fxg6 11. Bf4 b5 12. cxb6 Qb7 13. Bc7 a5 14. e4 Na6 15.
Bxa6 Rxa6 16. exd5 cxd5 17. Nc5 Nxc5 18. dxc5 1-0

[Event "19. Intern. Travemünder Schach-Open"]
[Site "?"]
[Date "2002.12.27"]
[Round "1"]
[White "Sölken, Hagen"]
[Black "IM Salov, Sergej"]
[Result "0-1"]
[WhiteElo "1736"]
[BlackElo "2297"]
[PlyCount "58"]
[EventDate "2002.??.??"]

1. c4 e5 2. Nc3 Nf6 3. g3 d5 4. cxd5 Nxd5 5. Bg2 Nb6 6. Nf3 Nc6 7. O-O Be7 8.
d3 O-O 9. Be3 Be6 10. b3 f5 11. Qc1 Kh8 12. Ng5 Bg8 13. Nf3 Qe8 14. Nb5 Nd5 15.
Bg5 a6 16. Bxe7 Qxe7 17. Nc3 e4 18. dxe4 fxe4 19. Nd2 e3 20. Nxd5 Bxd5 21. Bxd5
exd2 22. Qc4 Ne5 23. Qc3 c6 24. Bc4 Rad8 25. Rad1 b5 26. Bd3 Rxd3 27. exd3 Nf3+
28. Kg2 Qd6 29. Rxd2 Qd5 0-1

[Event "19. Intern. Travemünder Schach-Open"]
[Site "?"]
[Date "2002.12.27"]
[Round "1"]
[White "Sieverding, Christian"]
[Black "FM Asendorf, Joachim"]
[Result "0-1"]
[WhiteElo "1734"]
[BlackElo "2280"]
[PlyCount "68"]
[EventDate "2002.??.??"]

1. e4 c5 2. Nf3 d6 3. b3 Nf6 4. d3 g6 5. Bb2 Bg7 6. Nbd2 b6 7. Be2 Bb7 8. O-O
Nbd7 9. a4 O-O 10. Nc4 Qc7 11. Qd2 Rad8 12. Rad1 e5 13. Qg5 Rfe8 14. Qh4 Nf8
15. Ne3 Ne6 16. Ng5 Nf4 17. Bf3 h6 18. Nh3 Ne6 19. Ng4 Nxg4 20. Bxg4 d5 21. Bf3
Nd4 22. Bxd4 cxd4 23. Rd2 dxe4 24. Bxe4 Bc8 25. g4 Qd7 26. f4 Qxg4+ 27. Qxg4
Bxg4 28. Kg2 f5 29. Bc6 Re6 30. Bb5 Re7 31. fxe5 Bxe5 32. Nf4 Bxf4 33. Rxf4 g5
34. Rff2 Re3 0-1

[Event "19. Intern. Travemünder Schach-Open"]
[Site "?"]
[Date "2002.12.27"]
[Round "1"]
[White "König, Sebastian"]
[Black "GM Kalinitschew, Sergej"]
[Result "0-1"]
[WhiteElo "1793"]
[BlackElo "2485"]
[PlyCount "49"]
[EventDate "2002.??.??"]

1. e4 c5 2. Nc3 e6 3. f4 Nc6 4. Nf3 d5 5. d3 b5 6. Bd2 b4 7. Ne2 Bb7 8. c3 a5
9. e5 Nge7 10. d4 Nf5 11. g4 Nh4 12. Ng3 Nxf3+ 13. Qxf3 cxd4 14. cxb4 Bxb4 15.
Rd1 Qb6 16. Bd3 Ba6 17. O-O Bxd3 18. Qxd3 O-O 19. Kh1 f6 20. exf6 Rxf6 21. Ne2
Raf8 22. Bxb4 Qxb4 23. a3 Qb8 24. Kg1 e5 25. fxe5 0-1

[Event "19. Intern. Travemünder Schach-Open"]
[Site "?"]
[Date "2002.12.27"]
[Round "1"]
[White "Jacobeit, David"]
[Black "GM Rabiega, Robert"]
[Result "0-1"]
[WhiteElo "1807"]
[BlackElo "2503"]
[PlyCount "74"]
[EventDate "2002.??.??"]

1. e4 c5 2. Nf3 Nc6 3. Nc3 e5 4. Bc4 Be7 5. O-O Nf6 6. d3 d6 7. h3 O-O 8. Bg5
Ne8 9. Bxe7 Nxe7 10. Ne2 Ng6 11. Qd2 h6 12. Kh2 Nc7 13. g3 b6 14. Nfg1 d5 15.
exd5 Nxd5 16. Nc3 Nxc3 17. Qxc3 Bb7 18. Rae1 Kh8 19. h4 f6 20. Be6 Ne7 21. Qc4
Qd6 22. Bh3 Qc6 23. f3 Rad8 24. Ne2 Qc7 25. Nc3 Rd4 26. Qb3 a6 27. Ne4 f5 28.
Nd2 b5 29. Rf2 Nd5 30. Rfe2 f4 31. g4 Ne3 32. Bg2 Qd8 33. Kh3 c4 34. Nxc4 Bd5
35. Qa3 bxc4 36. Qxa6 cxd3 37. cxd3 Nxg2 0-1

[Event "19. Intern. Travemünder Schach-Open"]
[Site "?"]
[Date "2002.12.27"]
[Round "1"]
[White "IM Kopylov, Michael"]
[Black "Milde, Mathias"]
[Result "1-0"]
[WhiteElo "2436"]
[BlackElo "1761"]
[PlyCount "66"]
[EventDate "2002.??.??"]

1. d4 Nf6 2. c4 g6 3. g3 Bg7 4. Bg2 d6 5. Nf3 O-O 6. O-O Nbd7 7. Nc3 c5 8. d5
Ne8 9. Qc2 Ne5 10. Nd2 Nc7 11. f4 Nd7 12. Nf3 Rb8 13. a4 a6 14. a5 e5 15. dxe6
fxe6 16. Rd1 Nf6 17. e4 Qe7 18. e5 dxe5 19. fxe5 Ng4 20. Qe4 Nh6 21. Bg5 Qe8
22. Be3 Qe7 23. Na4 Rd8 24. Bg5 Rxd1+ 25. Rxd1 Qf7 26. Rd8+ Ne8 27. Nb6 Nf5 28.
Nxc8 h6 29. Ne7+ Nxe7 30. Rxb8 Nc6 31. Rxe8+ Kh7 32. Qd3 Nxe5 33. Nxe5 Bxe5 1-0

[Event "19. Intern. Travemünder Schach-Open"]
[Site "?"]
[Date "2002.12.27"]
[Round "1"]
[White "Tietz, Julian"]
[Black "FM Rüberg, Jobst"]
[Result "0-1"]
[WhiteElo "1741"]
[BlackElo "2335"]
[PlyCount "86"]
[EventDate "2002.??.??"]

1. e4 c5 2. Nf3 e6 3. d4 cxd4 4. Nxd4 a6 5. Nc3 Qc7 6. Be2 Nf6 7. a3 Be7 8. O-O
O-O 9. Kh1 Nc6 10. Be3 d6 11. f4 Bd7 12. h3 Nxd4 13. Qxd4 Bc6 14. Bf3 Rfd8 15.
Qd2 Rac8 16. Qf2 Nd7 17. Rad1 Bf6 18. e5 Be7 19. f5 Bxf3 20. exd6 Bxd6 21. Qxf3
Ne5 22. Qe4 Qc6 23. Qxc6 Nxc6 24. fxe6 fxe6 25. Ne4 Be5 26. c3 h6 27. Nc5 b6
28. Ne4 b5 29. Kg1 Bb8 30. Kh1 Ne5 31. Bc1 Nd3 32. Rd2 Ne5 33. Rfd1 Rxd2 34.
Bxd2 Rd8 35. Nf2 Ba7 36. Be1 Rxd1 37. Nxd1 Nd3 38. Bg3 Kf7 39. Bc7 Kf6 40. Kh2
g5 41. Bg3 e5 42. h4 Kf5 43. hxg5 hxg5 0-1

[Event "19. Intern. Travemünder Schach-Open"]
[Site "?"]
[Date "2002.12.27"]
[Round "2"]
[White "Wilms, Ingo"]
[Black "Schmittdiel, Eckhard"]
[Result "0-1"]
[WhiteElo "2101"]
[BlackElo "2491"]
[PlyCount "56"]
[EventDate "2002.??.??"]

1. e4 c5 2. Nf3 e6 3. d4 cxd4 4. Nxd4 Nf6 5. Nc3 Nc6 6. Ndb5 d6 7. Bf4 e5 8.
Bg5 a6 9. Na3 b5 10. Bxf6 gxf6 11. Nd5 Bg7 12. Bd3 Ne7 13. Nxe7 Qxe7 14. O-O
O-O 15. c4 f5 16. cxb5 d5 17. f3 fxe4 18. fxe4 f5 19. exd5 e4 20. Bc4 Qc5+ 21.
Kh1 axb5 22. b4 Qxb4 23. d6+ Kh8 24. d7 Bxd7 25. Qxd7 Qxa3 26. Be6 Bxa1 27.
Rxa1 Qb2 28. Rd1 Rad8 0-1

[Event "19. Intern. Travemünder Schach-Open"]
[Site "?"]
[Date "2002.12.27"]
[Round "2"]
[White "GM Rabiega, Robert"]
[Black "Jordan, Jürgen"]
[Result "1-0"]
[WhiteElo "2503"]
[BlackElo "2095"]
[PlyCount "37"]
[EventDate "2002.??.??"]

1. e4 c5 2. Nf3 Nc6 3. c3 d5 4. exd5 Qxd5 5. d4 Bg4 6. Be2 e6 7. h3 Bh5 8. c4
Qd6 9. d5 Bxf3 10. Bxf3 Nd4 11. O-O e5 12. Re1 Ne7 13. Nc3 f5 14. Be3 a6 15. b4
b6 16. Na4 g6 17. Bxd4 cxd4 18. c5 bxc5 19. bxc5 1-0

[Event "19. Intern. Travemünder Schach-Open"]
[Site "?"]
[Date "2002.12.27"]
[Round "2"]
[White "GM Kalinitschew, Sergej"]
[Black "Engels, Gerd"]
[Result "1-0"]
[WhiteElo "2485"]
[BlackElo "2088"]
[PlyCount "49"]
[EventDate "2002.??.??"]

1. d4 e6 2. c4 f5 3. g3 d5 4. Bg2 c6 5. Qc2 Bd6 6. Nh3 Nf6 7. Bf4 O-O 8. O-O
Qe7 9. Nd2 Ne4 10. Bxd6 Qxd6 11. Rad1 Nd7 12. Nxe4 fxe4 13. f3 exf3 14. exf3
dxc4 15. Qxc4 Nb6 16. Qe2 Bd7 17. f4 Nd5 18. Ng5 c5 19. Qc2 Rf5 20. dxc5 Qe7
21. Rfe1 Rxg5 22. fxg5 Qxg5 23. Qd2 Qxd2 24. Rxd2 Rf8 25. Rxd5 1-0

[Event "19. Intern. Travemünder Schach-Open"]
[Site "?"]
[Date "2002.12.27"]
[Round "2"]
[White "Asendorf, Joachim"]
[Black "Fleischer, Andre"]
[Result "1-0"]
[WhiteElo "2280"]
[BlackElo "2033"]
[PlyCount "33"]
[EventDate "2002.??.??"]

1. c4 Nf6 2. Nc3 e6 3. e4 d5 4. e5 d4 5. exf6 dxc3 6. bxc3 Qxf6 7. d4 e5 8. Nf3
exd4 9. Bg5 Qe6+ 10. Be2 d3 11. O-O d2 12. Qxd2 Be7 13. Rfe1 O-O 14. Bd3 Bxg5
15. Nxg5 Qh6 16. Bxh7+ Kh8 17. Bc2 1-0

[Event "19. Intern. Travemünder Schach-Open"]
[Site "?"]
[Date "2002.12.27"]
[Round "2"]
[White "Mentel, Jürgen"]
[Black "GM Mainka, Romuald"]
[Result "0-1"]
[WhiteElo "2085"]
[BlackElo "2411"]
[PlyCount "51"]
[EventDate "2002.??.??"]

1. e4 c5 2. Nf3 Nc6 3. Bb5 e6 4. Bxc6 bxc6 5. d3 Ne7 6. O-O Ng6 7. e5 f6 8. Qe2
Be7 9. Bd2 O-O 10. Nc3 Qe8 11. Rad1 fxe5 12. Nxe5 Nh4 13. Na4 d6 14. Ng4 e5 15.
f3 Bd7 16. Ne3 Qh5 17. Rf2 Rae8 18. Nf1 Qf7 19. b3 Nf5 20. c3 Bh4 21. g3 Bd8
22. Ne3 Nd4 23. Qf1 Nxf3+ 24. Kg2 Bh3+ 25. Kxh3 Qh5+ 26. Kg2 0-1

[Event "19. Intern. Travemünder Schach-Open"]
[Site "?"]
[Date "2002.12.27"]
[Round "2"]
[White "Kemeny, Matthias"]
[Black "IM Heyken, Enno"]
[Result "0-1"]
[WhiteElo "2075"]
[BlackElo "2307"]
[PlyCount "80"]
[EventDate "2002.??.??"]

1. e4 e6 2. d4 d5 3. e5 c5 4. c3 Nc6 5. Nf3 Qb6 6. a3 c4 7. Nbd2 f6 8. b3 cxb3
9. Nxb3 fxe5 10. Nxe5 Nxe5 11. dxe5 Qc7 12. Qd4 Ne7 13. Bf4 Bd7 14. Be2 Rc8 15.
O-O Qxc3 16. Qxc3 Rxc3 17. Nd4 Ng6 18. Bg3 Bc5 19. Nb5 Bxb5 20. Bxb5+ Ke7 21.
Rfc1 Rxc1+ 22. Rxc1 Rc8 23. Kf1 a6 24. Bd3 b5 25. f4 Kd7 26. f5 Ne7 27. fxe6+
Kxe6 28. a4 bxa4 29. Bxa6 Ra8 30. Bb7 Be3 31. Rc3 Ra7 32. Rxe3 Rxb7 33. Ra3 Ra7
34. Ke2 Nc6 35. Kd2 d4 36. Kd3 Kd5 37. Ra1 a3 38. Kc2 Nxe5 39. Kb3 Nc4 40. Ra2
Rb7+ 0-1

[Event "19. Intern. Travemünder Schach-Open"]
[Site "?"]
[Date "2002.12.27"]
[Round "2"]
[White "Szudra, Heinz-Werner"]
[Black "Blancke, Stefan"]
[Result "1/2-1/2"]
[WhiteElo "2068"]
[BlackElo "2279"]
[PlyCount "62"]
[EventDate "2002.??.??"]

1. c4 e5 2. Nc3 Nf6 3. g3 d5 4. cxd5 Nxd5 5. Bg2 Nb6 6. Nf3 Nc6 7. O-O Be7 8.
d3 O-O 9. a3 Re8 10. b4 Bf8 11. Bb2 a5 12. b5 Nd4 13. e3 Nxf3+ 14. Bxf3 a4 15.
Rc1 Ra5 16. Qc2 Bd6 17. Rfd1 Qe7 18. d4 exd4 19. Rxd4 Bxa3 20. Bxa3 Qxa3 21.
Nd5 Nxd5 22. Bxd5 Be6 23. Bxe6 fxe6 24. Qxc7 Rxb5 25. Rd7 Qf8 26. Rc4 Rf5 27.
Rg4 Rf7 28. Rxa4 Rxf2 29. Rxg7+ Qxg7 30. Qxg7+ Kxg7 31. Kxf2 Rb8 1/2-1/2

[Event "19. Intern. Travemünder Schach-Open"]
[Site "?"]
[Date "2002.12.27"]
[Round "2"]
[White "Lindner, Ulrich"]
[Black "GM Kupreychik, Victor"]
[Result "0-1"]
[WhiteElo "2097"]
[BlackElo "2485"]
[PlyCount "58"]
[EventDate "2002.??.??"]

1. e4 c5 2. Nf3 d6 3. d4 cxd4 4. c3 Nf6 5. e5 dxe5 6. Nxe5 Nbd7 7. Qxd4 e6 8.
Bb5 a6 9. Bxd7+ Nxd7 10. O-O Bc5 11. Qe4 O-O 12. Nd2 Qc7 13. Ndf3 Nxe5 14. Nxe5
f6 15. Nf3 e5 16. Qc4+ Rf7 17. Qd5 Bd7 18. b4 Bb6 19. Qb3 Rc8 20. Bd2 Bc6 21.
c4 e4 22. c5 exf3 23. cxb6 Qd7 24. Bf4 h5 25. Rfe1 Qg4 26. Bg3 h4 27. Re7 Rcf8
28. Rd1 hxg3 29. hxg3 Ba4 0-1

[Event "19. Intern. Travemünder Schach-Open"]
[Site "?"]
[Date "2002.12.27"]
[Round "2"]
[White "FM Rüberg, Jobst"]
[Black "Thomasson, Staffan"]
[Result "1/2-1/2"]
[WhiteElo "2335"]
[BlackElo "2060"]
[PlyCount "49"]
[EventDate "2002.??.??"]

1. e4 d5 2. exd5 Nf6 3. Nc3 Nxd5 4. Nf3 Bf5 5. Bc4 e6 6. O-O Be7 7. Re1 Nb6 8.
Bb3 c5 9. d3 Nc6 10. a4 O-O 11. a5 Nd5 12. Nxd5 exd5 13. Bd2 Bf6 14. Ba4 Rc8
15. h3 Qd6 16. Qc1 Rfe8 17. Rxe8+ Rxe8 18. Bg5 Bg6 19. Qd2 Bh5 20. Bxf6 Qxf6
21. Re1 Rxe1+ 22. Qxe1 h6 23. Bxc6 Qxc6 24. Ne5 Qe6 25. g4 1/2-1/2

[Event "19. Intern. Travemünder Schach-Open"]
[Site "?"]
[Date "2002.12.27"]
[Round "2"]
[White "IM Bangiev, Alexander"]
[Black "Schuettler, Thomas"]
[Result "1-0"]
[WhiteElo "2431"]
[BlackElo "2073"]
[PlyCount "61"]
[EventDate "2002.??.??"]

1. e4 c5 2. Nf3 d6 3. d4 cxd4 4. Nxd4 Nf6 5. Nc3 a6 6. Bc4 b5 7. Bb3 e6 8. O-O
Bd7 9. a3 Nc6 10. f4 Qc7 11. Be3 Be7 12. f5 e5 13. Nde2 O-O 14. Ng3 Na5 15. Nh5
Bc6 16. Nxf6+ Bxf6 17. Qg4 Nxb3 18. cxb3 b4 19. axb4 Qb7 20. Rf3 Kh8 21. Rh3 g6
22. Rd1 Rad8 23. fxg6 fxg6 24. Qxg6 Qf7 25. Qxf7 Rxf7 26. Rf1 Rdf8 27. Rhf3 Kg7
28. Rg3+ Kh8 29. Bh6 Rg8 30. Rd3 Rd8 31. Rdf3 1-0

[Event "19. Intern. Travemünder Schach-Open"]
[Site "?"]
[Date "2002.12.27"]
[Round "2"]
[White "IM Seger, Rüdiger"]
[Black "Drewes, Marco"]
[Result "1-0"]
[WhiteElo "2406"]
[BlackElo "2069"]
[PlyCount "81"]
[EventDate "2002.??.??"]

1. e4 c5 2. c3 d6 3. d4 Nf6 4. Bd3 Nc6 5. Nf3 e6 6. O-O Be7 7. dxc5 dxc5 8. Qc2
Qc7 9. Re1 e5 10. a4 O-O 11. Na3 a6 12. Nc4 Bg4 13. Nfd2 Rad8 14. a5 Be6 15.
Bf1 Nh5 16. Nb3 Nf6 17. f3 h6 18. Be3 Nb8 19. Red1 Rxd1 20. Rxd1 Nfd7 21. Qb1
Nc6 22. Qa2 b5 23. axb6 Nxb6 24. Nba5 Rc8 25. b3 Nxa5 26. Nxa5 c4 27. b4 Rd8
28. Ra1 Bg5 29. Bxg5 hxg5 30. Qf2 Rc8 31. Rd1 Na4 32. Qc2 Nb6 33. Be2 Bd7 34.
Qd2 Ba4 35. Ra1 f6 36. Nxc4 Bb5 37. Nxb6 Qxb6+ 38. Kf1 Rd8 39. Qa2+ Kh7 40. c4
Be8 41. Qa5 1-0

[Event "19. Intern. Travemünder Schach-Open"]
[Site "?"]
[Date "2002.12.27"]
[Round "2"]
[White "Raddatz, Michael"]
[Black "FM Hermesmann, Hans"]
[Result "0-1"]
[WhiteElo "2071"]
[BlackElo "2287"]
[PlyCount "78"]
[EventDate "2002.??.??"]

1. e4 c5 2. Nf3 d6 3. d4 cxd4 4. Nxd4 Nf6 5. Nc3 Nc6 6. Bg5 e6 7. Bc4 Qb6 8.
Nb3 a6 9. O-O Be7 10. Qd2 Qc7 11. Rad1 b5 12. Be2 b4 13. Bxf6 Bxf6 14. Na4 Be7
15. f4 O-O 16. Kh1 g6 17. Bd3 f5 18. Qf2 Rb8 19. exf5 gxf5 20. Qe2 a5 21. Bc4
Rf6 22. Rf3 Bd7 23. Rfd3 Nd8 24. Nd4 Bxa4 25. Nxe6 Nxe6 26. Bxe6+ Kh8 27. Bd5
Bf8 28. Rg3 Bh6 29. b3 Bxf4 30. Rh3 Bb5 31. Qf2 Be5 32. Qh4 Qg7 33. Re1 Rc8 34.
Qf2 Bc6 35. Bc4 Rg6 36. Bf1 Be4 37. Rxe4 fxe4 38. Qf5 Rf8 39. Rxh7+ Kxh7 0-1

[Event "19. Intern. Travemünder Schach-Open"]
[Site "?"]
[Date "2002.12.27"]
[Round "2"]
[White "IM Salov, Sergei"]
[Black "Schwarz, Oliver"]
[Result "1-0"]
[WhiteElo "2297"]
[BlackElo "2051"]
[PlyCount "105"]
[EventDate "2002.??.??"]

1. e4 c5 2. Nf3 d6 3. d4 cxd4 4. Nxd4 Nf6 5. Nc3 Nc6 6. Bc4 e6 7. Be3 Be7 8.
Qe2 a6 9. O-O-O Qc7 10. Bb3 O-O 11. Rhg1 b5 12. g4 b4 13. Nxc6 Qxc6 14. Nd5
Nxd5 15. exd5 Qc7 16. dxe6 fxe6 17. f4 Kh8 18. g5 d5 19. Rg4 e5 20. Rh4 Bf5 21.
Rxd5 Bd6 22. Bd4 Bg6 23. Bxe5 Bxe5 24. Rxe5 Rae8 25. Be6 Qb6 26. Qe1 Qd8 27.
Qxb4 Qc7 28. Qc3 Qd6 29. Qe3 Qc6 30. f5 Qh1+ 31. Qe1 Qxe1+ 32. Rxe1 Bxf5 33.
Rf4 g6 34. Rff1 Kg7 35. Bxf5 Rxe1+ 36. Rxe1 Rxf5 37. h4 Rf4 38. Re7+ Kg8 39.
Ra7 Rxh4 40. Rxa6 Rg4 41. Ra5 Kf7 42. Re5 h5 43. gxh6 Rh4 44. a4 Rxh6 45. a5
Kf6 46. Rc5 Rh7 47. b4 g5 48. Kd2 Re7 49. Rc8 g4 50. Rg8 Kf5 51. a6 Kf4 52. b5
g3 53. b6 1-0

[Event "19. Intern. Travemünder Schach-Open"]
[Site "?"]
[Date "2002.12.27"]
[Round "2"]
[White "Stimpel, Maximilian"]
[Black "Just, Gabriele"]
[Result "1/2-1/2"]
[WhiteElo "2278"]
[BlackElo "2023"]
[PlyCount "115"]
[EventDate "2002.??.??"]

1. d4 e6 2. c4 f5 3. g3 Nf6 4. Bg2 Bb4+ 5. Nd2 O-O 6. Ngf3 d6 7. O-O Bxd2 8.
Qxd2 Qe8 9. b3 Nbd7 10. Bb2 Ne4 11. Qc2 Qh5 12. Ne1 Ndf6 13. f3 Ng5 14. Nd3
Nh3+ 15. Kh1 Bd7 16. Rae1 Rae8 17. Bc1 e5 18. dxe5 dxe5 19. Qb2 e4 20. Nf4 Nxf4
21. Bxf4 exf3 22. exf3 Rxe1 23. Rxe1 Bc6 24. Qf2 Re8 25. Be5 Re6 26. Bxf6 Rxf6
27. Qxa7 Bxf3 28. Qb8+ Rf8 29. Qxc7 f4 30. Bxf3 Qxf3+ 31. Kg1 fxg3 32. Qxg3 Qf6
33. Kh1 h6 34. Qg2 Rf7 35. Re8+ Kh7 36. Re1 Qc3 37. Qe4+ Kg8 38. Rd1 Qf6 39. h3
g6 40. Rg1 Kg7 41. Re1 Kh7 42. Qg2 Qf5 43. Rg1 Qd3 44. Qg3 Qe4+ 45. Kh2 Rd7 46.
Rg2 Kg7 47. Rf2 Rf7 48. Rxf7+ Kxf7 49. Qc7+ Kf8 50. Qd6+ Kg7 51. Qd7+ Kf8 52.
Qg4 Qe5+ 53. Qg3 Qe2+ 54. Qg2 Qe5+ 55. Kg1 g5 56. Qxb7 Qe1+ 57. Kh2 Qe5+ 58.
Kg2 1/2-1/2